Early Islam and the birth of capitalism / (Record no. 478385)
[ view plain ]
| 000 -LEADER | |
|---|---|
| fixed length control field | 01994cam a2200361 i 4500 |
| 001 - CONTROL NUMBER | |
| control field | 18153304 |
| 003 - CONTROL NUMBER IDENTIFIER | |
| control field | NUST |
| 005 - DATE AND TIME OF LATEST TRANSACTION | |
| control field | 20180526055156.0 |
| 008 - FIXED-LENGTH DATA ELEMENTS--GENERAL INFORMATION | |
| fixed length control field | 140515s2014 mdu b 001 0 eng |
| 010 ## - LIBRARY OF CONGRESS CONTROL NUMBER | |
| LC control number | 2014016716 |
| 020 ## - INTERNATIONAL STANDARD BOOK NUMBER | |
| International Standard Book Number | 9780739188828 (cloth : alk. paper) |
| 020 ## - INTERNATIONAL STANDARD BOOK NUMBER | |
| Canceled/invalid ISBN | 9780739188835 (electronic) |
| 038 ## - RECORD CONTENT LICENSOR | |
| Staff Name | 0 |
| 040 ## - CATALOGING SOURCE | |
| Original cataloging agency | DLC |
| Language of cataloging | eng |
| Transcribing agency | DLC |
| Description conventions | rda |
| Modifying agency | DLC |
| 042 ## - AUTHENTICATION CODE | |
| Authentication code | pcc |
| 050 00 - LIBRARY OF CONGRESS CALL NUMBER | |
| Classification number | BP173.75 |
| Item number | .K645 2014 |
| 082 00 - DEWEY DECIMAL CLASSIFICATION NUMBER | |
| Classification number | 330.12/2091767 |
| Edition number | 23 |
| 100 1# - MAIN ENTRY--PERSONAL NAME | |
| Personal name | Koehler, Benedikt. |
| 9 (RLIN) | 10524 |
| 245 10 - TITLE STATEMENT | |
| Title | Early Islam and the birth of capitalism / |
| Statement of responsibility, etc. | Benedikt Koehler. |
| 264 #1 - PRODUCTION, PUBLICATION, DISTRIBUTION, MANUFACTURE, AND COPYRIGHT NOTICE | |
| Place of production, publication, distribution, manufacture | Lanham : |
| Name of producer, publisher, distributor, manufacturer | Lexington Books, |
| Date of production, publication, distribution, manufacture, or copyright notice | 2014. |
| 300 ## - PHYSICAL DESCRIPTION | |
| Extent | vi, 231 pages ; |
| Dimensions | 24 cm |
| 336 ## - CONTENT TYPE | |
| Content type term | text |
| Content type code | txt |
| Source | rdacontent |
| 337 ## - MEDIA TYPE | |
| Media type term | unmediated |
| Media type code | n |
| Source | rdamedia |
| 338 ## - CARRIER TYPE | |
| Carrier type term | volume |
| Carrier type code | nc |
| Source | rdacarrier |
| 504 ## - BIBLIOGRAPHY, ETC. NOTE | |
| Bibliography, etc. note | Includes bibliographical references (pages 213 -228) and index. |
| 505 0# - FORMATTED CONTENTS NOTE | |
| Formatted contents note | The richest man in Arabia -- Markets without government -- Family matters -- A mosque, a market, and a war -- Muhammad's household finances -- Muhammad's executive office -- Muhammadan taxation -- Succession -- Rise of the Rashidun caliphs -- Decline of the Rashidun caliphs -- Journey to Jerusalem -- Islamic gold currency -- Bankers of Baghdad -- Islamic philanthropy : Waqfs -- Islamic venture capital : qirâds -- Islamic trade centres : funduqs -- Law in early islam -- From law to economics -- Market economics in early Islam -- Muslim merchants abroad -- Shifting alliances -- Tax havens in the Holy Land -- The economic consequences of Saladin -- Lives of the merchants -- Early law and economics in Christendom -- Conclusion -- Bibliography -- Index -- About the author. |
| 650 #0 - SUBJECT ADDED ENTRY--TOPICAL TERM | |
| Topical term or geographic name entry element | Islam |
| General subdivision | Economic aspects. |
| 9 (RLIN) | 10142 |
| 650 #0 - SUBJECT ADDED ENTRY--TOPICAL TERM | |
| Topical term or geographic name entry element | Capitalism |
| General subdivision | Religious aspects |
| -- | Islam. |
| 9 (RLIN) | 10525 |
| 650 #0 - SUBJECT ADDED ENTRY--TOPICAL TERM | |
| Topical term or geographic name entry element | Economics |
| General subdivision | Religious aspects |
| -- | Islam. |
| 9 (RLIN) | 10151 |
| 906 ## - LOCAL DATA ELEMENT F, LDF (RLIN) | |
| a | 7 |
| b | cbc |
| c | orignew |
| d | 1 |
| e | ecip |
| f | 20 |
| g | y-gencatlg |
| 942 ## - ADDED ENTRY ELEMENTS (KOHA) | |
| Source of classification or shelving scheme | |
| Koha item type | Book |
| Withdrawn status | Lost status | Source of classification or shelving scheme | Damaged status | Not for loan | Collection code | Permanent Location | Current Location | Shelving location | Date acquired | Total Checkouts | Full call number | Barcode | Date last seen | Price effective from | Koha item type |
|---|---|---|---|---|---|---|---|---|---|---|---|---|---|---|---|
| Central Library (CL) | Central Library (CL) | General Stacks | 05/26/2018 | 330.12/2091767 KOE | S3H-P-243 | 05/26/2018 | 05/26/2018 | Book |
